| 000 | 05257cam a22018854i 4500 | ||
|---|---|---|---|
| 003 | PE-LiUPU | ||
| 005 | 20251023083314.0 | ||
| 008 | 960624s1995 sp a rb 000 0 spa d | ||
| 020 | _a9788460508236 | ||
| 035 | _a(Sirsi) i9788460508236 | ||
| 040 |
_aSPUDB _bspa _cSPUDB _dOCLCQ _dBNM _dPE-LiUPU _erda |
||
| 049 | _aPRUA | ||
| 082 | 0 | 4 |
_a691 _bM63 _220 |
| 100 | 1 |
_aMiravete, Antonio, _eautor. |
|
| 245 | 1 | 4 |
_aLos nuevos materiales en la construcción / _cAntonio Miravete. |
| 250 | _aSegunda edición. | ||
| 264 | 1 |
_aZaragoza : _bEditorial Reverté, _c1995. |
|
| 300 |
_a394 páginas : _bilustraciones ; _c25 centímetros |
||
| 336 |
_atext _2rdacontent |
||
| 337 |
_aunmediated _2rdamedia |
||
| 338 |
_avolume _2rdacarrier |
||
| 504 | _aBibliografía : páginas 389-394. | ||
| 505 | 0 | _aIntroducción -- Comportamiento en servicio de los nuevos materiales -- Fachadas y exteriores -- Cubiertas -- Paneles para muros, tabiques, suelos y techos -- Estructura resistente -- La vivienda integral en nuevos materiales -- Tuberías y depósitos -- Puentes -- Carreteras: lo materiales geosintéticos -- Los nuevos materiales en la restauración -- Perspectivas de futuro: los materiales inteligentes -- Propiedades de nuevos materiales -- Directorio de empresas españolas que suministran nuevos materiales para la construcción. | |
| 526 | _aP203 | ||
| 526 | _aP200 | ||
| 526 | _aSEG65 | ||
| 526 | _aSEG64 | ||
| 526 | _aSEG63 | ||
| 526 | _aSEG62 | ||
| 526 | _aSEG61 | ||
| 526 | _aSEG60 | ||
| 526 | _aSEG59 | ||
| 526 | _aSEG58 | ||
| 526 | _aSEG57 | ||
| 526 | _aSEG56 | ||
| 526 | _aSEG55 | ||
| 526 | _aSEG54 | ||
| 526 | _aSEG53 | ||
| 526 | _aSEG52 | ||
| 526 | _aSEG51 | ||
| 526 | _aSEG50 | ||
| 526 | _aSEG49 | ||
| 526 | _aSEG48 | ||
| 526 | _aSEG47 | ||
| 526 | _aSEG46 | ||
| 526 | _aSEG24 | ||
| 526 | _aSEG23 | ||
| 526 | _aSEG22 | ||
| 526 | _aSEG21 | ||
| 526 | _aSEG20 | ||
| 526 | _aSEG19 | ||
| 526 | _aSEG18 | ||
| 526 | _aSEG17 | ||
| 526 | _aSEG16 | ||
| 526 | _aSEG14 | ||
| 526 | _aSEG13 | ||
| 526 | _aSEG12 | ||
| 526 | _aSEG11 | ||
| 526 | _aSEG10 | ||
| 526 | _aSEG09 | ||
| 526 | _aSEG06 | ||
| 526 | _aSEG05 | ||
| 526 | _aSEG04 | ||
| 526 | _aSEG03 | ||
| 526 | _aSEG02 | ||
| 526 | _aSEG68 | ||
| 526 | _aSEG66 | ||
| 526 | _aSEG45 | ||
| 526 | _aSEG25 | ||
| 526 | _aSEG01 | ||
| 526 | _aP163 | ||
| 526 | _aP162 | ||
| 526 | _aP161 | ||
| 526 | _aP160 | ||
| 526 | _aP159 | ||
| 526 | _aP158 | ||
| 526 | _aP157 | ||
| 526 | _aP156 | ||
| 526 | _aP155 | ||
| 526 | _aP154 | ||
| 526 | _aP153 | ||
| 526 | _aP152 | ||
| 526 | _aP151 | ||
| 526 | _aP150 | ||
| 526 | _aP149 | ||
| 526 | _aP142 | ||
| 526 | _aP141 | ||
| 526 | _aP140 | ||
| 526 | _aP139 | ||
| 526 | _aP138 | ||
| 526 | _aP137 | ||
| 526 | _aP132 | ||
| 526 | _aP131 | ||
| 526 | _aP130 | ||
| 526 | _aP126 | ||
| 526 | _aP125 | ||
| 526 | _aP124 | ||
| 526 | _aP123 | ||
| 526 | _aP115 | ||
| 526 | _aP122 | ||
| 526 | _aP121 | ||
| 526 | _aP116 | ||
| 526 | _a P114 | ||
| 526 | _aP112 | ||
| 526 | _aP111 | ||
| 526 | _aP104 | ||
| 526 | _aP103 | ||
| 526 | _aP102 | ||
| 526 | _aP101 | ||
| 526 | _aP100 | ||
| 526 | _aP96 | ||
| 526 | _aP95 | ||
| 526 | _aP93 | ||
| 526 | _aP92 | ||
| 526 | _aP91 | ||
| 526 | _aP88 | ||
| 526 | _aP83 | ||
| 526 | _aP82 | ||
| 526 | _aP79 | ||
| 526 | _aP78 | ||
| 526 | _aP75 | ||
| 526 | _aP74 | ||
| 526 | _aP71 | ||
| 526 | _aP69 | ||
| 526 | _a P51 | ||
| 526 | _aP49 | ||
| 526 | _aP48 | ||
| 526 | _aP47 | ||
| 526 | _aP33 | ||
| 526 | _aP31 | ||
| 526 | _a P30 | ||
| 526 | _aP29 | ||
| 526 | _aP27 | ||
| 526 | _aP26 | ||
| 526 | _aP25 | ||
| 526 | _aP24 | ||
| 526 | _a P22 | ||
| 526 | _aP10 | ||
| 526 | _aP09 | ||
| 526 | _a P08 | ||
| 526 | _aP06 | ||
| 526 | _aP05 | ||
| 526 | _aP04 | ||
| 526 | _aP01 | ||
| 541 | _gF001-0000120; | ||
| 650 | 0 | 0 |
_aMateriales de construcción. _943 |
| 650 | 0 | 0 |
_aMateriales de construcción. _943 |
| 650 | 0 | 4 | _aNuevos materiales. |
| 910 |
_btqv _cwelc _d20170605 |
||
| 910 |
_adbm _bjpc _cjpc _d20180628 |
||
| 942 |
_2ddc _cBOOK |
||
| 949 |
_a691 M63 1995 _wDEWEY _c1 _iFJ07927 _lCCODEBUJ1 _mBUJ _p70.00 _r0 _sY _tBOOK _u2017-06-05 _xINGENIERIA _PP25 _0COMPRA _o.STAFF. Colección General Juliaca |
||
| 949 |
_a691 M63 1995 _wDEWEY _c2 _iFJ07987 _lCCODEBUJ1 _mBUJ _p70.00 _r0 _sY _tBOOK _u2017-06-13 _xINGENIERIA _PP25 _0COMPRA _o.STAFF. Colección General Juliaca |
||
| 994 |
_aC0 _bPEPRU |
||
| 596 | _a1 3 | ||
| 999 |
_a691 M63 1995 _wDEWEY _c20640 _iFJ07927 _d20640 _e2018-3-15 _f2022-2-1 _g4 _lCCODEBUJ1 _mBUJ _n3 _p70.00 _q3 _r0 _sY _tBOOK _u2017-6-5 _xINGENIERIA _PP25 _0COMPRA _o.STAFF. Colección General Juliaca |
||
| 999 |
_a691 M63 1995 _wDEWEY _c2 _iFJ07987 _d2019-6-25 _e2019-6-23 _f2022-2-1 _g4 _lCCODEBUJ1 _mBUJ _n1 _p70.00 _q2 _r0 _sY _tBOOK _u2017-6-13 _xINGENIERIA _PP25 _0COMPRA _o.STAFF. Colección General Juliaca |
||
| 999 |
_a691 M63 1995 _wDEWEY _c1 _i78807 _d2018-11-19 _f2021-11-9 _g5 _lCCODEBUL1 _mBUL _p54.00 _q4 _r0 _sY _tBOOK _u2018-6-28 _xINGENIERIA _PP25 _0COMPRA _1FCOMPRA _o.STAFF. Colección Ingeniería y Arquitectura |
||
| 980 |
_818226 _gJaime Vilcazán Jefe de Análisis Documental |
||